Surviving the competition (Record no. 72283)

MARC details
000 -LEADER
fixed length control field 01044cam a2200205 4500
008 - FIXED-LENGTH DATA ELEMENTS--GENERAL INFORMATION
fixed length control field 030311n2003 000 0 eng u
035 ## - SYSTEM CONTROL NUMBER
System control number (Sirsi) u121595
100 ## - MAIN ENTRY--PERSONAL NAME
Personal name Colman, D.
245 ## - TITLE STATEMENT
Title Surviving the competition
260 ## - PUBLICATION, DISTRIBUTION, ETC.
Date of publication, distribution, etc. 2003
490 ## - SERIES STATEMENT
Series statement Farm Management
Volume/sequential designation 11(7) January 2003, 481-493(7)
520 ## - SUMMARY, ETC.
Summary, etc. While there is much talk of diversification and eco-friendly strategies in farming, market pressures are such that the mainstays of commercial farming in the UK will be ever larger intensive businesses. The number of such businesses will depend upon the inflow of new farmers/managers with the levels of commitment and managerial ability to drive successful enterprises. Considers how many such individuals are there and how much of the land and capital in UK farming will they manage. Journal abstract.
590 ## - LOCAL NOTE (RLIN)
Local note ABS
650 ## - SUBJECT ADDED ENTRY--TOPICAL TERM
Topical term or geographic name entry element AGRICULTURAL FORECASTS
650 ## - SUBJECT ADDED ENTRY--TOPICAL TERM
Topical term or geographic name entry element AGRICULTURAL MARKETS
650 ## - SUBJECT ADDED ENTRY--TOPICAL TERM
Topical term or geographic name entry element FARM BUSINESSES
650 ## - SUBJECT ADDED ENTRY--TOPICAL TERM
Topical term or geographic name entry element FARM DIVERSIFICATION
690 ## - LOCAL SUBJECT ADDED ENTRY--TOPICAL TERM (OCLC, RLIN)
Topical term or geographic name as entry element RURAL-FARM BUSINESS MANAGEMENT
942 ## - ADDED ENTRY ELEMENTS (KOHA)
Suppress in OPAC 0
Holdings
Withdrawn status Lost status Source of classification or shelving scheme Damaged status Not for loan Home library Current library Shelving location Date acquired Total Checkouts Barcode Date last seen Copy number Price effective from Koha item type
    Dewey Decimal Classification     London London Journal article 11/03/2003   121595-1001 06/08/2019 1 06/08/2019 Journal article